| 000 | 00570nam a2200181 i 4500 | ||
|---|---|---|---|
| 001 | 81800 | ||
| 003 | ES-MaACL | ||
| 005 | 20230906174520.0 | ||
| 007 | t| | ||
| 008 | 041108s1960 sp ||||1| spa d | ||
| 100 | 1 |
_aIbáñez Gil, Julián. _964929 |
|
| 245 | 1 | 0 |
_aMétodo de orientación profesional preuniversitaria / _cJulián Ibáñez Gil. |
| 250 | _a2ª ed. | ||
| 260 |
_aMadrid : _bRazón y Fé, _c[1960] |
||
| 300 |
_a2 v. ; _c24 cm. |
||
| 505 | 8 | _aContiene: V.I: Fundamentos teóricos. -- V. II: Aplicación práctica | |
| 852 |
_aES-MaACL _jC-19200-1 _bR.45252 |
||
| 999 |
_c81800 _d81800 |
||